Ekonomické a sociálne súvislosti integrácie Slovenska do Európskej únie

Význam podnikovej sféry a jej príprava na prežitie v EÚ. Zmeny podnikateľského prostredia. Malé a stredné podniky. Vplyv na zahraničný obchod. Pokrač.

Na minha lista:
Detalhes bibliográficos
Autor principal: Šikula, Milan
Formato: Capítulo de Livro
Idioma:eslovaco
Assuntos:
Tags: Adicionar Tag
Sem tags, seja o primeiro a adicionar uma tag!

MARC

LEADER 00000naa$a2200000$$$4500
001 0003440
005 20231016083427.3
041 0 |a slo 
044 |a SK 
245 1 0 |a Ekonomické a sociálne súvislosti integrácie Slovenska do Európskej únie  |c aut. Milan Šikula 
520 |a Význam podnikovej sféry a jej príprava na prežitie v EÚ. Zmeny podnikateľského prostredia. Malé a stredné podniky. Vplyv na zahraničný obchod. Pokrač. 
610 2 0 |a integrácia ekonomická medzinárodná 
610 2 0 |a Slovensko 
610 2 0 |a Európska únia 
610 2 0 |a prostredie podnikateľské 
610 2 0 |a podnik malý 
610 2 0 |a podnik stredný 
610 2 0 |a obchod zahraničný 
100 1 |a Šikula, Milan